Investing in REITs : real estate investment trusts (Record no. 102248)
[ view plain ]
| 000 -LEADER | |
|---|---|
| fixed length control field | 00864cam a2200229 4500 |
| 008 - FIXED-LENGTH DATA ELEMENTS--GENERAL INFORMATION | |
| fixed length control field | 020726n2002 000 0 eng u |
| 020 ## - INTERNATIONAL STANDARD BOOK NUMBER | |
| International Standard Book Number | 15766004321576601935 |
| 035 ## - SYSTEM CONTROL NUMBER | |
| System control number | (Sirsi) u119078 |
| 050 ## - LIBRARY OF CONGRESS CALL NUMBER | |
| Classification number | 332.63240973 |
| -- | 18 |
| 100 ## - MAIN ENTRY--PERSONAL NAME | |
| Personal name | Block, Ralph L. |
| 245 ## - TITLE STATEMENT | |
| Title | Investing in REITs : real estate investment trusts |
| 250 ## - EDITION STATEMENT | |
| Edition statement | 3rd ed. |
| 260 ## - PUBLICATION, DISTRIBUTION, ETC. | |
| Place of publication, distribution, etc. | Princeton |
| Name of publisher, distributor, etc. | Bloomberg |
| Date of publication, distribution, etc. | 2002 |
| 300 ## - PHYSICAL DESCRIPTION | |
| Extent | 399p. |
| Dimensions | 24cm. |
| 350 ## - PRICE (NR) (BK AM CF MU VM SE) [OBSOLETE] | |
| Price | 24.95 |
| 490 ## - SERIES STATEMENT | |
| Series statement | Bloomberg Personal Bookshelf |
| 520 ## - SUMMARY, ETC. | |
| Summary, etc. | An American work providing an overview of investment in real estate investment trusts (REITs) looking at their history, REIT mutual fund opportunities, and new developments and strategies in the REIT industry. |
| 650 ## - SUBJECT ADDED ENTRY--TOPICAL TERM | |
| Topical term or geographic name entry element | PROPERTY INVESTMENT |
| 650 ## - SUBJECT ADDED ENTRY--TOPICAL TERM | |
| Topical term or geographic name entry element | REITS |
| 690 ## - LOCAL SUBJECT ADDED ENTRY--TOPICAL TERM (OCLC, RLIN) | |
| Topical term or geographic name as entry element | PROPERTY-COMMERCIAL PROPERTY-COMMERCIAL PROPERTY FINANCE AND INVESTMENT |
| 942 ## - ADDED ENTRY ELEMENTS (KOHA) | |
| Suppress in OPAC | 0 |
| Withdrawn status | Lost status | Source of classification or shelving scheme | Damaged status | Not for loan | Home library | Current library | Shelving location | Date acquired | Cost, normal purchase price | Total Checkouts | Full call number | Barcode | Date last seen | Date last checked out | Copy number | Cost, replacement price | Price effective from | Koha item type |
|---|---|---|---|---|---|---|---|---|---|---|---|---|---|---|---|---|---|---|
| Dewey Decimal Classification | London | London | Books | 01/06/2006 | 22.50 | 12 | 332.63240973 BLO | 30073005 | 06/08/2019 | 15/05/2009 | 1 | 22.50 | 06/08/2019 | Book |